000 00446nam a2200181Ia 4500
003 OSt
005 20230524133819.0
008 210423s1978 xx 000 0 und d
040 _cAL
041 _aeng
082 _a200
_223
_bLOCT
100 _aLOCKE (Trevor);LOCKE (Rona).
_9112422
245 _aTribals for christ.
260 _aBangalore
_bOutreach Publication
_c1978
365 _cINR
906 _achrist. ; Tribals
942 _2ddc
_cBK
999 _c172813
_d172813